[Event "Titled Tue 1st Jul Early"]
[Site "chess.com INT"]
[Date "2025.07.01"]
[Round "4"]
[White "Vagman, Roy"]
[Black "Gurel, Ediz"]
[Result "1-0"]
[WhiteTitle "FM"]
[BlackTitle "GM"]
[WhiteElo "2403"]
[BlackElo "2652"]
[WhiteFideId "2828995"]
[BlackFideId "44507356"]
[EventDate "2025.07.01"]

1. e4 Nf6 2. e5 Nd5 3. d4 d6 4. Nf3 g6 5. Be2 Bg7 6. O-O O-O 7. h3 Nc6 8. exd6
exd6 9. c4 Nb6 10. Nc3 h6 11. Be3 Kh7 12. Qd2 Re8 13. b3 Bf5 14. Rfe1 Qd7 15. d5
Ne5 16. Nd4 Bxh3 17. gxh3 Qxh3 18. Bf1 Qh5 19. Bg2 Ng4 20. Bf4 Nd7 21. Bg3 Nde5
22. Rad1 a6 23. Nce2 Bf6 24. f3 Bg5 25. f4 Bh4 26. Qc3 Nxc4 27. Ne6 fxe6 28.
bxc4 exd5 29. Nd4 Ne3 30. Bf3 Nxd1 31. Rxd1 Bxg3 32. Bxh5 gxh5 33. Nf5 d4 34.
Qd3 Bxf4 35. Nxd6+ Kh8 36. Nxe8 Rxe8 37. Qxd4+ Be5 38. Qd3 Rg8+ 39. Kh1 Rg3 40.
Qd8+ Rg8 41. Qe7 Bg7 42. Rg1 1-0

[Event "Titled Tue 1st Jul Early"]
[Site "chess.com INT"]
[Date "2025.07.01"]
[Round "4"]
[White "Kislinsky, Alexey"]
[Black "Estrada Nieto, Julian"]
[Result "1-0"]
[WhiteTitle "GM"]
[BlackTitle "IM"]
[WhiteElo "2341"]
[BlackElo "2189"]
[WhiteFideId "14108801"]
[BlackFideId "5101018"]
[EventDate "2025.07.01"]

1. d4 d5 2. c4 dxc4 3. Nf3 Nf6 4. e3 e6 5. Bxc4 c5 6. O-O a6 7. Qe2 b5 8. Bd3
Bb7 9. dxc5 Bxc5 10. Bxb5+ Nbd7 11. Bd3 Bxf3 12. gxf3 Ne5 13. Rd1 Qc8 14. Nc3
Qb7 15. Be4 Nxe4 16. Nxe4 Be7 17. b3 f5 18. Nd2 Rd8 19. Kg2 O-O 20. Bb2 Ng6 21.
Kg1 Nh4 22. e4 Bb4 23. Nc4 fxe4 24. Rxd8 Nxf3+ 25. Kh1 Rxd8 26. Rd1 Rxd1+ 27.
Qxd1 Qc7 28. Kg2 Qxh2+ 29. Kf1 Qh1+ 30. Ke2 Ng1+ 31. Ke3 Bc5+ 32. Kd2 Nf3+ 33.
Kc2 Qxd1+ 34. Kxd1 Bxf2 35. Ke2 Bd4 36. Bc1 Ne5 37. Nd6 e3 38. b4 Bc3 39. a3 Bd2
40. Bb2 Nc6 41. Nc4 h5 42. Nxe3 Bxe3 43. Kxe3 Kf7 44. Kf4 g6 45. Bc3 e5+ 46. Kg5
e4 47. Kf4 Ke6 48. Kxe4 h4 49. Kf4 1-0

[Event "Titled Tue 1st Jul Early"]
[Site "chess.com INT"]
[Date "2025.07.01"]
[Round "4"]
[White "Liu, Zachary Hankun"]
[Black "Csonka, Balazs"]
[Result "0-1"]
[BlackTitle "IM"]
[WhiteElo "2067"]
[BlackElo "2467"]
[WhiteFideId "2640287"]
[BlackFideId "742910"]
[EventDate "2025.07.01"]

1. Nf3 Nf6 2. c4 g6 3. b3 Bg7 4. Bb2 O-O 5. g3 d6 6. Bg2 e5 7. O-O Re8 8. d3 c6
9. Qd2 Nbd7 10. Nc3 a6 11. Rac1 d5 12. cxd5 cxd5 13. e3 b5 14. Ne2 Bb7 15. Rc2
a5 16. Rfc1 Qb6 17. d4 e4 18. Ne5 Nxe5 19. dxe5 Ng4 20. Bd4 Qa6 21. e6 Qxe6 22.
Bxg7 Kxg7 23. Nd4 Qb6 24. Qc3 Kg8 25. Qc5 Qxc5 26. Rxc5 b4 27. Rc7 Ba6 28. R1c5
Bd3 29. Rxd5 a4 30. h3 axb3 31. Nxb3 Ne5 32. Nc1 Rad8 33. Rcc5 f6 34. Nxd3 exd3
35. f4 d2 36. fxe5 d1=Q+ 37. Rxd1 Rxd1+ 38. Kf2 Rxe5 39. Rc8+ Kg7 40. Rc7+ Kh6
41. Rc4 Rd2+ 42. Kg1 Rxe3 43. Rxb4 Rxg3 44. Rh4+ Kg5 45. Rg4+ Rxg4 46. hxg4 Rxa2 0-1

[Event "Titled Tue 1st Jul Early"]
[Site "chess.com INT"]
[Date "2025.07.01"]
[Round "4"]
[White "Vincenti, Leonardo"]
[Black "Moghaddamian, Afshin"]
[Result "1-0"]
[WhiteTitle "CM"]
[BlackTitle "CM"]
[WhiteElo "2265"]
[BlackElo "2126"]
[WhiteFideId "28550820"]
[BlackFideId "12503886"]
[EventDate "2025.07.01"]

1. e4 c5 2. Nf3 g6 3. Bc4 Bg7 4. Ng5 e6 5. d3 h6 6. Nf3 Ne7 7. O-O O-O 8. Nc3 d5
9. exd5 exd5 10. Bb3 Be6 11. Ne2 b5 12. a3 Nbc6 13. c3 Qd7 14. d4 c4 15. Bc2 a5
16. Ng3 b4 17. axb4 axb4 18. Rxa8 Rxa8 19. Bf4 Ra2 20. Qc1 g5 21. Be3 Qa7 22.
Bb1 Ra6 23. Qc2 Ng6 24. Nh5 b3 25. Qe2 Qd7 26. Bxg6 fxg6 27. Nxg7 Kxg7 28. Bd2
Bf5 29. Re1 Be4 30. Qe3 Ra8 31. h4 Ra2 32. hxg5 h5 33. Qf4 Qf7 34. Qd6 Bxf3 35.
Qxc6 Be4 36. Bc1 Ra7 37. f3 Bf5 38. Bf4 Re7 39. Be5+ Kh7 40. Qa8 Re8 41. Qc6 h4
42. Kf2 Bg4 43. Rh1 h3 44. Bf6 Bd7 45. Qd6 Kg8 46. g4 Re6 47. Qf4 Qh7 48. Kg3 1-0

[Event "Titled Tue 1st Jul Early"]
[Site "chess.com INT"]
[Date "2025.07.01"]
[Round "4"]
[White "Szalay-Ocsak, Bank"]
[Black "Ahmad, Al Khatib"]
[Result "1-0"]
[WhiteTitle "FM"]
[BlackTitle "GM"]
[WhiteElo "2209"]
[BlackElo "2172"]
[WhiteFideId "784923"]
[BlackFideId "8103178"]
[EventDate "2025.07.01"]

1. e4 d6 2. Nf3 Nf6 3. Nc3 e5 4. d4 Nbd7 5. Be2 Be7 6. O-O O-O 7. a4 c6 8. a5
Rb8 9. h3 b5 10. axb6 axb6 11. Re1 b5 12. Bf1 b4 13. Nb1 Bb7 14. Nbd2 Re8 15.
dxe5 dxe5 16. Nc4 Qc7 17. b3 c5 18. Bd3 Nb6 19. Nxb6 Qxb6 20. Bb2 Bd6 21. Nd2
Bc7 22. Nc4 Qc6 23. f3 Nh5 24. Ne3 Nf4 25. Bf1 Qg6 26. Kh2 Rbd8 27. Qc1 Rd4 28.
Ra7 Rb8 29. Ba6 Bxa6 30. Rxc7 Ne2 31. Rxe2 Bxe2 32. Bxd4 exd4 33. Nd5 h5 34. Qf4
Re8 35. Ne7+ Rxe7 36. Rxe7 Bd1 37. Rc7 Bxc2 38. Rxc5 d3 39. e5 h4 40. Kg1 Qe6
41. Qd4 g6 42. Kf2 Qxb3 43. Rc8+ Kh7 44. Qd8 Kh6 45. f4 1-0

[Event "Titled Tue 1st Jul Early"]
[Site "chess.com INT"]
[Date "2025.07.01"]
[Round "4"]
[White "Bjerre, Jonas Buhl"]
[Black "Khazhatuly, Alikhan"]
[Result "1-0"]
[WhiteTitle "GM"]
[BlackTitle "CM"]
[WhiteElo "2655"]
[BlackElo "2172"]
[WhiteFideId "1444948"]
[BlackFideId "13731335"]
[EventDate "2025.07.01"]

1. e4 c5 2. Nf3 e6 3. b3 Nc6 4. Bb2 a6 5. c4 d5 6. cxd5 exd5 7. exd5 Qxd5 8. Bc4
Qe4+ 9. Be2 Nf6 10. O-O Be6 11. Ng5 Qg6 12. Nxe6 fxe6 13. Bf3 Nd4 14. Bxd4 cxd4
15. Bxb7 Ra7 16. Bc6+ Kf7 17. d3 Bd6 18. Nd2 Rc7 19. Be4 Qh6 20. g3 Rd8 21. Nc4
Kg8 22. Qe2 Bb4 23. a3 Bc3 24. Rab1 Rc5 25. Bg2 Re8 26. h4 Qg6 27. b4 Rc7 28.
Ne5 Qf5 29. Kh2 Nd7 30. Nc4 Qf6 31. Nd6 Rf8 32. Ne4 Qe7 33. Bh3 e5 34. Ng5 Rc6
35. Qe4 Nf6 36. Qxc6 h6 37. Qe6+ Qxe6 38. Bxe6+ Kh8 39. Nf7+ Kh7 40. Nxe5 Re8
41. Bf5+ Kg8 42. Nc4 Re2 43. a4 g5 44. hxg5 hxg5 45. b5 axb5 46. axb5 Nd5 47. b6
Ne3 48. Nxe3 dxe3 49. b7 1-0

[Event "Titled Tue 1st Jul Early"]
[Site "chess.com INT"]
[Date "2025.07.01"]
[Round "4"]
[White "Dilmukhametov, Artur"]
[Black "Borges, Wagner da Silva"]
[Result "0-1"]
[WhiteTitle "FM"]
[BlackTitle "CM"]
[WhiteElo "2276"]
[BlackElo "2055"]
[WhiteFideId "24179922"]
[BlackFideId "2100401"]
[EventDate "2025.07.01"]

1. e4 e6 2. d4 d5 3. Nc3 Bb4 4. e5 c5 5. a3 Bxc3+ 6. bxc3 Ne7 7. Qg4 cxd4 8.
Qxg7 Rg8 9. Qxh7 Qc7 10. Ne2 Nbc6 11. Qd3 dxc3 12. Nxc3 Qxe5+ 13. Be2 Rxg2 14.
Qh3 Rg8 15. Bd2 Nd4 16. Qd3 Nxe2 17. Qxe2 Qxe2+ 18. Nxe2 e5 19. Bb4 Nc6 20. Kd2
Bf5 21. Rhg1 O-O-O 22. Rxg8 Rxg8 23. Ng3 Bg6 24. Bd6 Rh8 25. Bb4 Rxh2 26. Rf1 d4
27. Ke2 f5 28. Kd2 f4 29. Ne2 Kd7 30. Bf8 Ke6 31. Bb4 Nxb4 32. axb4 a6 33. c3
Kd5 34. cxd4 f3 35. Nc3+ Kxd4 0-1

[Event "Titled Tue 1st Jul Early"]
[Site "chess.com INT"]
[Date "2025.07.01"]
[Round "4"]
[White "Dann, Matthias"]
[Black "Radionov, Timur"]
[Result "0-1"]
[WhiteTitle "IM"]
[BlackTitle "FM"]
[WhiteElo "2434"]
[BlackElo "2200"]
[WhiteFideId "24638056"]
[BlackFideId "34178772"]
[EventDate "2025.07.01"]

1. c4 e6 2. Nf3 d5 3. e3 c6 4. b3 Bd6 5. Bb2 Nf6 6. d4 Ne4 7. Nfd2 f5 8. g3 O-O
9. f3 Nxd2 10. Qxd2 a5 11. Nc3 Qe7 12. Bg2 b6 13. cxd5 exd5 14. O-O Nd7 15. e4
fxe4 16. fxe4 dxe4 17. Nxe4 Rxf1+ 18. Rxf1 Bb4 19. Qf4 Ba6 20. Rc1 Rf8 21. Qc7
Rc8 22. Qa7 Bd3 23. Qb7 Rf8 24. Qxc6 Nf6 25. Nxf6+ Rxf6 26. Qd5+ Kh8 27. Qe5 Qf8
28. a3 Bxa3 29. Bxa3 Qxa3 30. Rc8+ Rf8 31. Rxf8+ Qxf8 32. h3 h6 33. Qe3 Bg6 34.
d5 Qd6 35. h4 b5 36. Kf2 a4 37. bxa4 bxa4 38. Qa7 a3 39. Bf3 Bb1 40. Qa8+ Kh7
41. Qa4 a2 42. Be4+ Bxe4 43. Qxe4+ Qg6 44. Qa4 Qb1 0-1

[Event "Titled Tue 1st Jul Early"]
[Site "chess.com INT"]
[Date "2025.07.01"]
[Round "4"]
[White "Unsal, Gorkem"]
[Black "Goldin, Roman"]
[Result "0-1"]
[WhiteTitle "CM"]
[BlackTitle "FM"]
[WhiteElo "2109"]
[BlackElo "2284"]
[WhiteFideId "51607484"]
[BlackFideId "2803860"]
[EventDate "2025.07.01"]

1. e4 Nc6 2. Nf3 e5 3. Bc4 Nf6 4. d3 Be7 5. O-O O-O 6. c3 d5 7. exd5 Nxd5 8. h3
a6 9. Re1 Bf6 10. Nbd2 Nb6 11. Ne4 Nxc4 12. dxc4 Bf5 13. Nxf6+ Qxf6 14. Bg5 Qg6
15. Qc1 f6 16. Bh4 Bxh3 17. Bg3 Be6 18. b3 Rad8 19. Nh4 Qh5 20. Qe3 Bg4 21. f3
Bc8 22. Rad1 g5 23. Qf2 gxh4 24. Bxh4 Qg6 25. Rd5 Ne7 26. Rc5 c6 27. f4 Nf5 28.
fxe5 Nxh4 29. Qxh4 f5 30. e6 Rd2 31. Qh2 Bxe6 32. Rce5 Bf7 33. R5e3 Kh8 34. Qe5+
Qg7 35. Qh2 Rg8 36. R3e2 Rd3 37. Qf4 Rg3 38. Qf2 f4 39. Rd2 f3 40. Qd4 Bh5 41.
Qxg7+ R3xg7 42. Rd8 Rxd8 43. g3 Rd2 44. Re8+ Bxe8 45. Kf1 Rxg3 0-1

[Event "Titled Tue 1st Jul Early"]
[Site "chess.com INT"]
[Date "2025.07.01"]
[Round "4"]
[White "Shakirov, Marat"]
[Black "Palczert, Matyas"]
[Result "0-1"]
[WhiteTitle "FM"]
[BlackTitle "FM"]
[WhiteElo "2167"]
[BlackElo "2396"]
[WhiteFideId "44118171"]
[BlackFideId "784958"]
[EventDate "2025.07.01"]

1. d4 Nf6 2. c4 g6 3. Nc3 d5 4. cxd5 Nxd5 5. Bd2 Bg7 6. e4 Nxc3 7. Bxc3 O-O 8.
Nf3 c5 9. d5 Bxc3+ 10. bxc3 e6 11. Bc4 exd5 12. Bxd5 Qe7 13. O-O Be6 14. c4 Nc6
15. Qd2 Bg4 16. Ne1 Rad8 17. f3 Be6 18. Nc2 Qf6 19. Rab1 b6 20. f4 Rfe8 21. Rbd1
Na5 22. Ne3 Qg7 23. e5 Nxc4 24. Nxc4 Rxd5 25. Qe2 Rxd1 26. Rxd1 Bxc4 27. Qxc4
Qf8 28. Rd7 Rd8 29. Rxa7 Rd4 30. Qa6 Rd1+ 31. Kf2 Qh6 32. Kg3 Rd4 33. Qc8+ Kg7
34. Qg4 Rd3+ 35. Kf2 Qxh2 36. e6 Rd2+ 37. Ke3 Rxg2 38. Rxf7+ Kh6 39. Qd1 Qh3+
40. Ke4 Qxe6+ 41. Kf3 Qh3+ 42. Ke4 Qe6+ 43. Kf3 Qxf7 44. Qh1+ Kg7 45. Qxg2 Qd5+
46. Kg3 Qxg2+ 47. Kxg2 Kf6 48. Kf3 Kf5 0-1

[Event "Titled Tue 1st Jul Early"]
[Site "chess.com INT"]
[Date "2025.07.01"]
[Round "4"]
[White "Chen, Yidong"]
[Black "Cacheiro Blanco, Diego"]
[Result "0-1"]
[BlackTitle "FM"]
[WhiteElo "2074"]
[BlackElo "2383"]
[WhiteFideId "8607028"]
[BlackFideId "54541042"]
[EventDate "2025.07.01"]

1. e4 c5 2. Nf3 d6 3. d4 cxd4 4. Nxd4 Nf6 5. Nc3 a6 6. Be3 e5 7. Nb3 Be7 8. h3
Be6 9. Qf3 Nbd7 10. g4 h6 11. O-O-O Rc8 12. Nd5 Bxd5 13. exd5 Qc7 14. c3 Nb6 15.
Kb1 Nc4 16. Bc1 a5 17. Nd2 b5 18. Nxc4 bxc4 19. h4 Nd7 20. g5 hxg5 21. hxg5 Rxh1
22. Qxh1 g6 23. Bh3 Rb8 24. Bg4 Qb6 25. Qh8+ Bf8 26. Bxd7+ Kxd7 27. Qf6 Ke8 28.
Rh1 Qd8 29. Qf3 Qd7 30. Ka1 Bg7 31. Qe4 Rc8 32. Rh7 Kf8 33. Qh4 Kg8 34. Qh1 Qf5
35. Rh2 Rb8 36. Qd1 e4 37. Be3 a4 38. Qxa4 Qxd5 39. Rh1 Qb7 40. Qc2 d5 41. Rd1
Ra8 42. Bd4 Bxd4 43. Rxd4 Rd8 44. Qd2 Qd7 45. a3 Qf5 46. Rxc4 e3 0-1

[Event "Titled Tue 1st Jul Early"]
[Site "chess.com INT"]
[Date "2025.07.01"]
[Round "4"]
[White "Kollars, Dmitrij"]
[Black "Ebrahimi Herab, Hamidreza"]
[Result "1-0"]
[WhiteTitle "GM"]
[BlackTitle "FM"]
[WhiteElo "2644"]
[BlackElo "2404"]
[WhiteFideId "12909572"]
[BlackFideId "22512888"]
[EventDate "2025.07.01"]

1. e4 c5 2. Nf3 e6 3. d4 cxd4 4. Nxd4 Nf6 5. Nc3 Nc6 6. Be2 Be7 7. O-O d5 8.
exd5 exd5 9. Be3 O-O 10. Qd2 h6 11. Rad1 a6 12. Rfe1 Bd7 13. Nb3 Be6 14. Bf3 Rc8
15. h3 Ne5 16. Be2 Bb4 17. Bd4 Ne4 18. Qe3 Bxc3 19. bxc3 Nc4 20. Qf4 Qg5 21.
Qxg5 hxg5 22. f3 Ned6 23. Nc5 Nb5 24. Bxc4 dxc4 25. Nxe6 fxe6 26. Rxe6 Rfd8 27.
Rb1 Rd7 28. Re5 Nxd4 29. cxd4 c3 30. Rxg5 b5 31. Rb4 Re8 32. Rc5 Re3 33. a4 bxa4
34. Rxa4 Kh7 35. Rac4 Re2 36. Rxc3 Rxd4 37. Rg5 Rd7 38. Ra3 Ra7 39. c4 Re6 40.
Kf2 Rc6 41. Rga5 Kh6 42. Ke3 Kg6 43. Kd4 Rd7+ 44. Rd5 Rdc7 45. c5 Kf7 46. f4 Ke6
47. g4 Kf6 48. Rd6+ Ke7 49. Rxc6 Rxc6 50. Kd5 Kd7 51. h4 Rf6 52. f5 Rh6 53. h5
Rf6 54. Rb3 Kc7 55. Rb6 Rxb6 56. cxb6+ Kxb6 57. f6 Kc7 58. fxg7 1-0

[Event "Titled Tue 1st Jul Early"]
[Site "chess.com INT"]
[Date "2025.07.01"]
[Round "4"]
[White "Perez Cruz, Adianet"]
[Black "Jinan, Jomon"]
[Result "0-1"]
[WhiteTitle "WFM"]
[BlackTitle "FM"]
[WhiteElo "1984"]
[BlackElo "2309"]
[WhiteFideId "3510115"]
[BlackFideId "35002511"]
[EventDate "2025.07.01"]

1. d4 d5 2. Nf3 e6 3. Bf4 Nf6 4. c3 c5 5. Nbd2 Bd6 6. Bg3 Qc7 7. e3 Nbd7 8. Bd3
O-O 9. Qe2 Re8 10. Bxd6 Qxd6 11. O-O e5 12. dxe5 Nxe5 13. Nxe5 Qxe5 14. Nf3 Qh5
15. h3 a6 16. a4 Bd7 17. Rfe1 Rac8 18. Nd2 Qe5 19. Qf3 Bc6 20. Qf5 Qd6 21. Rad1
Bxa4 22. b3 Bd7 23. Qf3 Bc6 24. Qf5 g6 25. Qf4 Qxf4 26. exf4 Rxe1+ 27. Rxe1 Re8
28. Rxe8+ Nxe8 29. Nf3 f6 30. Kf1 Nd6 31. Ke2 Kf7 32. g3 a5 33. Nd2 b5 34. c4
Ke6 35. cxd5+ Bxd5 36. Ke3 Nf5+ 37. Bxf5+ Kxf5 38. g4+ Ke6 39. h4 Kd6 40. g5 f5
41. Kd3 Kc6 42. Kc3 Be6 43. Nf1 b4+ 44. Kb2 c4 45. Ne3 cxb3 46. h5 a4 47. hxg6
hxg6 48. Nd1 a3+ 49. Kb1 Bd5 50. Ne3 Be4+ 51. Ka1 b2+ 52. Ka2 b1=Q# 0-1

[Event "Titled Tue 1st Jul Early"]
[Site "chess.com INT"]
[Date "2025.07.01"]
[Round "4"]
[White "Nepomniachtchi, Ian"]
[Black "Bologan, Victor"]
[Result "1-0"]
[WhiteTitle "GM"]
[BlackTitle "GM"]
[WhiteElo "2742"]
[BlackElo "2601"]
[WhiteFideId "4168119"]
[BlackFideId "13900048"]
[EventDate "2025.07.01"]

1. e4 e5 2. Nf3 Nc6 3. Bb5 a6 4. Ba4 Nf6 5. O-O b5 6. Bb3 Nxe4 7. d4 d5 8. dxe5
Be6 9. c3 Bc5 10. Nbd2 Nxf2 11. Rxf2 O-O 12. Nf1 Bxf2+ 13. Kxf2 f6 14. exf6 Qxf6
15. Kg1 Ne5 16. Be3 Nxf3+ 17. Qxf3 Qxf3 18. gxf3 Rxf3 19. Bd4 c6 20. Re1 Bh3 21.
Nd2 Rf5 22. Re3 Rg5+ 23. Rg3 Rxg3+ 24. hxg3 Re8 25. Kf2 Bg4 26. Nf3 Bxf3 27.
Kxf3 Re1 28. Bc2 g6 29. a4 Ra1 30. axb5 axb5 31. b4 Kf7 32. Bd3 Ke6 33. Kf4 Rh1
34. Be2 Kd6 35. Bc5+ Kc7 36. Bd4 Kd6 37. Bg4 Ke7 38. Bc5+ Ke8 39. Be6 Rh2 40. g4
h5 41. g5 Re2 42. Bh3 Re4+ 43. Kf3 Re1 44. Bd4 Ke7 45. Bf2 Rc1 46. Bc5+ Ke8 47.
Bd4 Re1 48. Kf2 Rc1 49. Bf6 Rc2+ 50. Ke3 Rh2 51. Be6 Rh1 52. Kd4 h4 53. Kc5 h3
54. Kd6 h2 55. Be5 Rc1 56. Bxh2 Rxc3 57. Bg1 Rc4 58. Bc5 Kd8 59. Bd7 Rxc5 60.
bxc5 b4 61. Bxc6 d4 62. Be4 b3 63. c6 1-0

[Event "Titled Tue 1st Jul Early"]
[Site "chess.com INT"]
[Date "2025.07.01"]
[Round "4"]
[White "Rakhmanov, Aleksandr"]
[Black "Lopez Rayo, Santiago"]
[Result "1-0"]
[WhiteTitle "GM"]
[BlackTitle "FM"]
[WhiteElo "2585"]
[BlackElo "2350"]
[WhiteFideId "4173708"]
[BlackFideId "4455665"]
[EventDate "2025.07.01"]

1. c4 e6 2. Nc3 d5 3. d4 Nf6 4. c5 b6 5. cxb6 axb6 6. Bf4 c5 7. e3 c4 8. Nf3 Nc6
9. Be2 Be7 10. O-O O-O 11. Ne5 Nxe5 12. dxe5 Nd7 13. e4 f6 14. exd5 fxe5 15. Bg3
Nf6 16. Bxc4 b5 17. Bxb5 exd5 18. Bxe5 Bb7 19. a4 Bc5 20. Bd4 Qd6 21. Rc1 Rfc8
22. h3 Qb6 23. Bxf6 Qxf6 24. Nxd5 Qg5 25. Bc4 Rd8 26. Qg4 Qxg4 27. Nf6+ Kh8 28.
Nxg4 Bd4 29. b3 Re8 30. Rcd1 Rad8 31. Ne3 g6 32. Rd3 Kg7 33. Rfd1 Bf6 34. Rd7+
Rxd7 35. Rxd7+ Re7 36. Rxe7+ Bxe7 37. a5 Bc5 38. a6 Ba8 39. Bd5 Bxe3 40. Bxa8
Bb6 41. Kf1 Kf6 42. Ke2 Ke5 43. g3 g5 44. f3 h6 45. Kd3 Ba7 46. Kc4 Kd6 47. Be4
Bf2 48. f4 gxf4 49. gxf4 Ba7 50. b4 Bf2 51. b5 Ba7 52. Bc6 Bb6 53. Kd3 Ke6 54.
Ke4 Ba7 55. f5+ Kd6 56. Bd5 Bf2 57. f6 1-0

[Event "Titled Tue 1st Jul Early"]
[Site "chess.com INT"]
[Date "2025.07.01"]
[Round "4"]
[White "Movahed, Sina"]
[Black "Szpar, Milosz"]
[Result "1-0"]
[WhiteTitle "GM"]
[BlackTitle "IM"]
[WhiteElo "2558"]
[BlackElo "2490"]
[WhiteFideId "42520835"]
[BlackFideId "1184989"]
[EventDate "2025.07.01"]

1. e4 e6 2. d4 d5 3. e5 c5 4. c3 Nc6 5. Nf3 Bd7 6. Be2 Nge7 7. O-O Ng6 8. Be3
Qb6 9. Na3 Be7 10. Rb1 O-O 11. Nc2 cxd4 12. cxd4 f6 13. exf6 Bxf6 14. Bd3 Nge7
15. Ne5 Bxe5 16. dxe5 Qd8 17. f4 Be8 18. b4 Bg6 19. b5 Na5 20. Nd4 Bxd3 21. Qxd3
Qd7 22. Bd2 Nc4 23. Bb4 Rf7 24. Bxe7 Qxe7 25. Rf2 Raf8 26. Rbf1 g6 27. g3 Re8
28. h4 Qc5 29. Kg2 a6 30. bxa6 bxa6 31. h5 Rg7 32. hxg6 hxg6 33. Rh1 Rb8 34.
Nxe6 Qc6 35. Nxg7 d4+ 36. Qf3 Ne3+ 37. Kh2 Qxf3 38. Rxf3 Kxg7 39. Rc1 Rb2+ 40.
Kh3 Re2 41. Rc7+ Kf8 42. Rd7 Nf5 43. Rb3 Ke8 44. Ra7 1-0

[Event "Titled Tue 1st Jul Early"]
[Site "chess.com INT"]
[Date "2025.07.01"]
[Round "4"]
[White "Tiitta, Sauli"]
[Black "Milanovic, Vojislav"]
[Result "0-1"]
[BlackTitle "IM"]
[WhiteElo "2157"]
[BlackElo "2293"]
[WhiteFideId "502251"]
[BlackFideId "905046"]
[EventDate "2025.07.01"]

1. g4 h5 2. g5 g6 3. d4 Bg7 4. Nc3 d6 5. e4 Nc6 6. Be3 e5 7. dxe5 dxe5 8. Qxd8+
Nxd8 9. O-O-O c6 10. Bc4 Be6 11. Bb3 Bxb3 12. axb3 Ne6 13. Nge2 Ne7 14. f4 exf4
15. Nxf4 Nxf4 16. Bxf4 Rd8 17. Rxd8+ Kxd8 18. Rd1+ Kc8 19. Bd6 Bf8 20. Rf1 Kd7
21. Bc5 b6 22. Bd4 Rh7 23. b4 Nc8 24. b5 c5 25. Nd5 Be7 26. Be3 Ke6 27. h4 Nd6
28. Rf4 Nc4 29. b3 Nxe3 30. Nxe3 Rh8 31. Nd5 Rd8 32. Nc7+ Kd7 33. Rxf7 Rf8 34.
Rxf8 Bxf8 35. Nd5 Bd6 36. Kd1 Bg3 37. Nf6+ Ke6 38. Ke2 Bxh4 39. Nh7 Kf7 40. Kf3
Kg7 41. Nf6 Bxg5 42. Nd5 Kf7 43. b4 cxb4 44. Nxb4 Ke6 45. Nc6 Bf6 46. Nxa7 g5
47. Nc6 Be5 48. Nb4 g4+ 49. Ke3 h4 50. Nd5 h3 51. Kf2 g3+ 52. Kg1 Bd4+ 0-1

[Event "Titled Tue 1st Jul Early"]
[Site "chess.com INT"]
[Date "2025.07.01"]
[Round "4"]
[White "Rustamov, Rustam"]
[Black "Joseph Benher, Savio"]
[Result "1-0"]
[WhiteTitle "FM"]
[WhiteElo "2323"]
[BlackElo "2143"]
[WhiteFideId "13440110"]
[BlackFideId "2629453"]
[EventDate "2025.07.01"]

1. e4 e6 2. d4 d5 3. Nc3 Nf6 4. Bg5 dxe4 5. Nxe4 Nbd7 6. Nf3 h6 7. Bxf6 Nxf6 8.
Nxf6+ Qxf6 9. Bd3 Bd6 10. O-O O-O 11. Qe2 Rb8 12. c4 b6 13. Rad1 Bb7 14. Be4
Bxe4 15. Qxe4 c5 16. b3 Rbc8 17. g3 Rfd8 18. Kg2 Qe7 19. Rfe1 Qc7 20. d5 exd5
21. Rxd5 Bf8 22. Red1 Rxd5 23. Rxd5 Rd8 24. Ne5 Rxd5 25. Qxd5 g5 26. Nf3 Qd6 27.
Qe4 Qe6 28. Qxe6 fxe6 29. Ne5 Bd6 30. Nc6 a6 31. Nd8 e5 32. Kf3 Kf8 33. Ke4 Ke7
34. Nc6+ Ke6 35. g4 Bc7 36. h3 b5 37. a4 b4 38. a5 Kd6 39. Nxe5 Bxa5 40. Nf7+
Ke6 41. Nxh6 Bc7 42. Nf5 a5 43. h4 gxh4 44. Nxh4 a4 45. bxa4 Kf6 46. Nf3 b3 47.
Kd3 Ba5 48. Nd2 b2 49. Nb1 Kg5 50. f3 Kf4 51. Kc2 Bd8 52. Nd2 Ba5 53. Ne4 Kxf3
54. Nxc5 Kxg4 55. Nb3 Bc7 56. Kxb2 Kf4 57. Kc3 Ke5 58. Kb4 Kd6 59. Kb5 Kd7 60.
c5 Kc8 61. Nd4 Kb7 62. c6+ Ka7 63. Ne6 Be5 64. a5 Kb8 65. Kb6 Bg3 66. c7+ Kc8
67. Kc6 Bf2 68. a6 Bg1 69. Nf4 Bh2 70. a7 1-0

[Event "Titled Tue 1st Jul Early"]
[Site "chess.com INT"]
[Date "2025.07.01"]
[Round "4"]
[White "Slovineanu, Viacheslav"]
[Black "Goltsev, Dmitry"]
[Result "0-1"]
[WhiteTitle "IM"]
[BlackTitle "FM"]
[WhiteElo "2412"]
[BlackElo "2182"]
[WhiteFideId "13900510"]
[BlackFideId "24176710"]
[EventDate "2025.07.01"]

1. d4 e6 2. c4 d5 3. Nf3 Nf6 4. e3 c5 5. cxd5 Nxd5 6. e4 Nf6 7. Nc3 cxd4 8. Qxd4
Qxd4 9. Nxd4 a6 10. f3 Bc5 11. Be3 Nc6 12. O-O-O b6 13. Na4 Nxd4 14. Bxd4 Bxd4
15. Rxd4 Rb8 16. Rd6 b5 17. Nc5 Ke7 18. e5 Nd5 19. Nxa6 Bxa6 20. Rxa6 Rhc8+ 21.
Kb1 Rc5 22. Ra7+ Kf8 23. Bd3 Nf4 24. Be4 Nxg2 25. Rd1 Rbc8 26. b4 R5c7 27. Rd7
Rxa7 28. Rxa7 Ne3 29. Rb7 Nc4 30. Bd3 Nxe5 31. Bxb5 Nxf3 32. a4 Nd4 33. Bd3 Rc3
34. Be4 f5 35. Bg2 Rd3 36. a5 Rd2 37. a6 Ne2 38. a7 Nc3+ 39. Kc1 Ra2 40. Rb8+
Ke7 41. a8=Q Rxa8 42. Rxa8 e5 43. Kc2 Ne2 44. b5 Nd4+ 45. Kd3 Nxb5 46. Ra7+ Nxa7 0-1

[Event "Titled Tue 1st Jul Early"]
[Site "chess.com INT"]
[Date "2025.07.01"]
[Round "4"]
[White "Aakash, G"]
[Black "Garg, Priyansh"]
[Result "1/2-1/2"]
[WhiteTitle "FM"]
[WhiteElo "2126"]
[BlackElo "2095"]
[WhiteFideId "25644394"]
[BlackFideId "30984696"]
[EventDate "2025.07.01"]

1. d4 Nf6 2. Nc3 e6 3. Bg5 c5 4. e3 cxd4 5. exd4 Qb6 6. Rb1 Bb4 7. Bd3 Qxd4 8.
Ne2 Bxc3+ 9. bxc3 Qd5 10. Bxf6 gxf6 11. O-O Rg8 12. Ng3 f5 13. Re1 f4 14. Ne4
Ke7 15. Rb5 Qc6 16. Qh5 d5 17. Qh4+ Kf8 18. Nf6 Qxc3 19. Rd1 Nc6 20. Nxg8 Kxg8
21. Bxh7+ Kg7 22. Qg5+ Kxh7 23. Rb3 Qg7 24. Rh3+ Kg8 25. Qh4 e5 26. Rb3 Be6 27.
Rxb7 Nd4 28. Kf1 f3 29. g3 e4 30. Rdb1 Nc6 31. Rc7 Rb8 32. Re1 Ne5 33. Qf4 Re8
34. Rxa7 Ng4 35. Kg1 Qh7 36. h4 Qg7 37. Rc7 Qd4 38. Rf1 Nxf2 39. Rxf2 Qd1+ 40.
Kh2 Qe1 41. Qg5+ Kh7 42. Qh5+ Kg7 43. Qg5+ Kh7 44. Qh5+ Kg7 45. Qg5+ Kh7 1/2-1/2